[Event "Arber op 7th"]
[Site "Bodenmais"]
[Date "2018.08.03"]
[Round "7"]
[White "Stehlik, Christian"]
[Black "Schreib, Marc"]
[Result "0-1"]
[WhiteElo "1747"]
[BlackElo "1857"]
[PlyCount "90"]
[EventDate "2018.07.28"]
[EventType "swiss"]
[EventRounds "9"]
[EventCountry "GER"]
[SourceTitle "CBM 185 Extra"]
[Source "ChessBase"]
[SourceDate "2018.07.29"]
[SourceVersion "1"]
[SourceVersionDate "2018.07.29"]
[SourceQuality "1"]

1. e4 c6 2. d4 d5 3. e5 c5 4. c3 Nc6 5. Nf3 Bg4 6. Bb5 e6 7. Be3 cxd4 8. cxd4 Nge7 9. Nbd2 a6 10. Ba4 b5 11. Bb3 Nb4 12. a3 Nd3+ 13. Ke2 Nxb2 14. Qc2 Nc4 15. Nxc4 dxc4 16. Ba2 Nd5 17. Bd2 Bf5 18. Qb2 Bd3+ 19. Kd1 Rc8 20. Rc1 Be7 21. Ne1 Be4 22. f3 Bg6 23. a4 Rb8 24. axb5 axb5 25. Nc2 0-0 26. Ne3 c3 27. Rxc3 Nxc3+ 28. Bxc3 b4 29. Be1 Qd7 30. Bb3 Bc5 31. Nc4 Bxd4 32. Qd2 Rfd8 33. Bh4 Bc3 34. Qd6 Qe8 35. Bxd8 Rxd8 36. Ke2 Rxd6 37. exd6 e5 38. Rd1 Bf5 39. g4 Bd7 40. Kf2 Bd4+ 41. Kg3 h5 42. h3 hxg4 43. hxg4 g6 44. Re1 Kg7 45. g5 Qh8 0-1

[Event "Arber op 7th"]
[Site "Bodenmais"]
[Date "2018.08.02"]
[Round "6"]
[White "Froeschle, Andreas"]
[Black "Stehlik, Christian"]
[Result "1-0"]
[WhiteElo "1869"]
[BlackElo "1747"]
[PlyCount "55"]
[EventDate "2018.07.28"]
[EventType "swiss"]
[EventRounds "9"]
[EventCountry "GER"]
[SourceTitle "CBM 185 Extra"]
[Source "ChessBase"]
[SourceDate "2018.07.29"]
[SourceVersion "1"]
[SourceVersionDate "2018.07.29"]
[SourceQuality "1"]

1. e4 d5 2. exd5 Qxd5 3. Nc3 Qe6+ 4. Be2 Nc6 5. Nf3 Qg6 6. d3 Qxg2 7. Rg1 Qh3 8. Nb5 Qd7 9. d4 a6 10. Nc3 e6 11. Bf4 g6 12. Qd2 Bd6 13. 0-0-0 Bxf4 14. Qxf4 Qd6 15. Qe3 b6 16. d5 Na5 17. dxe6 Qxe6 18. Qd4 Qf6 19. Qe4+ Ne7 20. Qxa8 0-0 21. Qe4 Be6 22. Qe5 Qg7 23. Qxg7+ Kxg7 24. Nd4 Bc8 25. Rge1 c5 26. Nb3 Nac6 27. Bf3 c4 28. Nd4 1-0